ਸਿੱਖ ਇਤਿਹਾਸ (Record no. 909754)

MARC details
000 -LEADER
fixed length control field 00841nam a2200253Ia 4500
003 - CONTROL NUMBER IDENTIFIER
control field OSt
005 - DATE AND TIME OF LATEST TRANSACTION
control field 20221002044152.0
008 - FIXED-LENGTH DATA ELEMENTS--GENERAL INFORMATION
fixed length control field 220930b |||||||| |||| 00| 0 pan d
020 ## - INTERNATIONAL STANDARD BOOK NUMBER
International Standard Book Number 817647200X (hbk)
037 ## - SOURCE OF ACQUISITION
Terms of availability Reference Collections
040 ## - CATALOGING SOURCE
Original cataloging agency CRL
Transcribing agency CRL
Language of cataloging pun
041 ## - LANGUAGE CODE
Source of code pun
Language code of text/sound track or separate title pun
100 ## - MAIN ENTRY--PERSONAL NAME
Personal name ਖੁFਵੰਤ ਸਿੰਘ
9 (RLIN) 167994
245 #0 - TITLE STATEMENT
Title ਸਿੱਖ ਇਤਿਹਾਸ
260 ## - PUBLICATION, DISTRIBUTION, ETC.
Place of publication, distribution, etc. ਲੁਧਿਆਣਾ
Name of publisher, distributor, etc. ਲਾਹੌਰ ਬੁੱਕ Fਾਪ
Date of publication, distribution, etc. 2006
490 ## - SERIES STATEMENT
Volume/sequential designation ਭਾਗ 1
650 ## - SUBJECT ADDED ENTRY--TOPICAL TERM
Topical term or geographic name entry element Xow
9 (RLIN) 77260
942 ## - ADDED ENTRY ELEMENTS (KOHA)
Classification part Q8441v, 153P6.1(RR)
Koha item type
Source of classification or shelving scheme Colon Classification (CC)
Holdings
Withdrawn status Lost status Damaged status Not for loan Home library Current library Date acquired Source of acquisition Cost, normal purchase price Serial Enumeration / chronology Total Checkouts Full call number Barcode Date last seen Cost, replacement price Price effective from Koha item type
        Central Library Central Library 2022-10-02 574, 03/02/2012, H.K. Prakashan 250.00 ਭਾਗ 1   Q8441v 153P6.1(RR) CL1548482 2022-10-02 250.00 2022-10-02  
Copyright @ Delhi University Library System